| 000 | 00459nam a2200181Ia 4500 | ||
|---|---|---|---|
| 100 | _aTurban/Efrain/ leidner/D | ||
| 650 | _aInformation technology | ||
| 250 | _a6 | ||
| 942 | _cBK | ||
| 366 | _f25 | ||
| 654 | _adigital economy | ||
| 245 | _aInformation technology for Management:Transforming organisation in teh digital economy | ||
| 260 |
_bWiley student edition _c2008 |
||
| 082 |
_a5.74 _bTUR |
||
| 300 | _a700 | ||
| 546 | _aENGLISH | ||
| 999 |
_c18797 _d18797 |
||